000 00869nam a2200253Ia 4500
003 OSt
005 20220923215243.0
006 a|||||r|||| 00| 0
007 ta
008 220922b |||||||| |||| 00| 0 hin d
024 _a177,098
037 _cTextual
040 _aARTS
_cARTS
_bhin
041 _2hin
_ahin
082 _aO152,1:g(P:75), K4
100 _aप्रसाद, शिव नन्दन
245 0 _aमात्रिक छंदों का विकास
246 _aMātrik chhandoan kā vikāsa
260 _aपटना
_b बिहार राष्ट्रभाषा परिषद
_c1964
300 _a443 पृ.
_ccm.
650 _aहिन्दी साहित्य
_9156264
942 _hO152,1:g(P:75), K4
_cTEXL
_2CC
999 _c330493
_d330493